Brasiliens Nachbarstaaten - Statistiken

Allgemein
  • Dieses Quiz wurde 23 mal gespielt
  • Das Durchschnittsergebnis liegt bei 10 aus 10
Antwortstatistiken
Hinweis Nachbarstaaten % Korrekt
Argentinien
100%
Kolumbien
100%
Paraguay
100%
Peru
100%
Suriname
100%
Uruguay
100%
Bolivien
96%
Guyana
96%
Venezuela
96%
Französisch-Guayana Frankreich
83%
Keine übereinstimmenden Quizze gefunden
Verteilung der Resultate
Anzahl Personen mit jedem Resultat
Perzentil nach korrekt beantworteten Fragen
Ihre Resultats-Entwicklung
Sie haben dieses Quiz noch nicht gespielt